000 00927nam a2200241 i 4500
001 bg
003 KOSZ 005
005 20191105105331.0
008 080919s1966 pl a f 001 0 pol
015 _aPB 1966/4022
040 _aWA N
_cKOSZ 005
080 _a621.18
100 1 _aOrłowski, Piotr
_d(1904-1986).
245 1 0 _aKotły parowe :
_bkonstrukcja i obliczenia /
_cPiotr Orłowski.
260 _aWarszawa :
_bWydawnictwa Naukowo-Techniczne,
_c1966.
300 _a605, [1] s., [19] k. tabl. :
_bil. ;
_c25 cm.
504 _aBibliogr. s. 601-[602]. Indeks.
521 8 _aDla inżynierów, techników projektantów i konstruktorów oraz dla słuchaczy wyższych uczelni technicznych.
650 4 _aKotły parowe
710 2 _aWydawnictwa Naukowo-Techniczne
_4pbl.
856 _uhttp://koha.tu.koszalin.pl/cgi-bin/koha/opac-detail.pl?biblionumber=10751
_yKatalog online BPK
942 _2UKD
_cKS
999 _c10751
_d10751